MARC

LEADER 00000nam0a2200000 4500
001 316653
005 20231102002909.0
035 |a (RuTPU)RU\TPU\book\342104 
090 |a 316653 
100 |a 20160325d1950 m y0rusy50 ca 
101 0 |a rus 
102 |a RU 
105 |a a j 001zy 
200 1 |a Тяго-дутьевые установки центральных электрических станций. Вентиляторы  |e [практическое пособие]  |f В. Н. Косточкин 
210 |a Москва  |a Ленинград  |c Госэнергоиздат  |d 1950 
215 |a 303 с.  |c ил. 
320 |a Библиогр.: с. 303 
606 1 |a Тепловые электрические станции  |x Тяго-дутьевые устройства  |2 stltpush  |3 (RuTPU)RU\TPU\subj\59714  |9 77215 
610 1 |a проектирование 
610 1 |a практические пособия 
610 1 |a трубопроводы 
610 1 |a вентиляция 
610 1 |a центробежные вентиляторы 
610 1 |a моделирование 
610 1 |a классификация 
610 1 |a эксплуатация 
610 1 |a дымососы 
610 1 |a расчеты 
610 1 |a прочность 
610 1 |a подшипники 
675 |a 621.311.22.002.5:621.184(07)  |v 4 
700 1 |a Косточкин  |b В. Н.  |g Владимир Николаевич 
801 1 |a RU  |b 63413507  |c 20160325 
801 2 |a RU  |b 63413507  |c 20171027  |g RCR 
942 |c BK